000 00795nam a2200193 4500
999 _c16340
_d16340
008 211125b ||||| |||| 00| 0 eng d
022 _a0732-8435
082 _aDPer 657.05 C33 Apr - Sept 2016, v86 n4-9
100 _aDavis, Alan.
_943760
245 _aPaying for children's education can be taxing:
_binvestigating the kiddie tax, taxable scholarship, alternative minimum tax, and form 1098-T reporting/
_cAlan Davis, Stacey Kaden and Linda Zhang.
260 _aNew York:
_bThe New York State Society of CPA,
_c©2016.
300 _av86 n9, pages 48-53:
_billustrations;
_c28 cm.
500 _aThe CPA Journal
650 _aTax planning.
_943729
650 _aChildren's allowances.
_943761
700 _aKaden, S.
_eAuthor.
_943762
700 _aZhang, L.
_eAuthor.
_943763
942 _2ddc
_cPER